00862cam a22002774a 450000100090000000300050000900500170001400800410003101000170007202000310008903500230012003800110014304000280015404100130018204200080019505000250020308200130022810000190024124501370026026000430039730000320044050400510047260000190052370000210054270000210056313453519Nust20180711044307.0040109s2003 enka b 001 0 eng c a 2004296006 a08264679294 (pbk)cRs. 230 a(OCoLC)ocm51569478 aArshad aUKMcUKMdPITdC#PdDLC1 aenghfre apcc00aB2430.B273bI64 200300a194bBAD1 aBadiou, Alain.10aInfinite thought :btruth and the return to philosophy /cAlain Badiou ; translated and edited by Oliver Feltham and Justin Clemens. aLondon ;aNew York :bContinuum,c2003 av, 147 p. :bill. ;c20 cm. aIncludes bibliographical references and index.10aBadiou, Alain.1 aClemens, Justin.1 aFeltham, Oliver.